Emails I can't send - Lyrics - Statistics

General Stats
  • This quiz has been taken 128 times
  • The average score is 143 of 168
Answer Stats
Answer % Correct
i
100%
you
100%
a
98%
the
98%
and
97%
And
97%
can't
97%
like
97%
so
97%
then
97%
It's
95%
it's
95%
machine
95%
me
95%
time
95%
to
95%
were
95%
could
93%
had
93%
no
93%
now
93%
Now
93%
wish
93%
as
91%
did
91%
October
91%
right
91%
these
91%
what
91%
at
90%
do
90%
love
90%
lying
90%
asleep
88%
family
88%
fifteen
88%
out
88%
see
88%
ten
88%
Don't
86%
guys
86%
in
86%
really
86%
thanks
86%
trust
86%
when
86%
nice
84%
their
84%
us
84%
disgust
83%
for
83%
i'm
83%
look
83%
looked
83%
up
83%
even
81%
find
81%
get
81%
I'll
81%
make
81%
There's
81%
you're
81%
that
79%
them
79%
this
79%
all
78%
blame
78%
having
78%
sex
78%
they're
78%
true
78%
cause
76%
fast
76%
if
76%
lacking
76%
texts
76%
cuss
74%
fix
74%
fucking
74%
mom
74%
Please
74%
Read
74%
wife
74%
but
72%
dipshit
72%
say
72%
13th
71%
calls
71%
every
71%
five
71%
sorry
71%
such
71%
think
71%
forgiveness
69%
Scared
69%
wanna
69%
assume
67%
discuss
67%
one
67%
someone
67%
forty
66%
night
66%
our
66%
fucks
64%
villainize
64%
lives
62%
selfish
62%
God
60%
worst
60%
ugh
59%
he
57%
down
55%
let
55%
why'd
52%
No matching quizzes found
Score Distribution
Percent of People with Each Score
Percentile by Number Answered
Your Score History
You have not taken this quiz